Biología 2§ medio: texto para el estudiante

Saved in:
Bibliografiske detaljer
Main Authors: Kaluf Fuentes, cecilia (Author), Uribe Martínez, Rosa (Author)
Andre forfattere: Núñez Jiménez, Sergio (autor)
Format: Bog
Sprog:spansk
Udgivet: Santiago Arrayán 2001
Udgivelse:1a. ed
Serier:Sector: Ciencias Naturales
Fag:
Tags: Tilføj Tag
Ingen Tags, Vær først til at tagge denne postø!

MARC

LEADER 00000nam a2200000 a 4500
001 UCL9828
003 CL-VaPUC
008 040827e20010000CL |||||||||||||||||spa|d
020 |a 9562403157 
082 0 4 |a 570.712  |b KAL  |2 21 
100 |a Kaluf Fuentes, cecilia  |e author  |9 560826 
700 |a Núñez Jiménez, Sergio  |e autor  |9 547424 
700 0 |a Uribe Martínez, Rosa  |e author  |9 487738 
245 1 0 |a Biología 2§ medio: texto para el estudiante 
250 |a 1a. ed 
300 |a 173 p 
942 |c BK 
945 |d 20040827 00:00:00  |a cmena 
260 |a Santiago  |b Arrayán  |c 2001 
650 0 |a Educación científica   |9 307484 
650 0 |a Libros de texto  |9 270019 
650 0 |a Métodos de enseñanza  |9 270413 
650 0 |a Biología  |9 262022 
583 |a last modification  |c 20190610 15:15:06  |k Rodrigo Vera 
490 0 |a Sector: Ciencias Naturales 
999 |c 310471  |d 310469